000 00896nam a22002057a 4500
999 _c3377
_d3377
003 AR-CdUCM
008 190306b ||||| |||| 00| 0 spa d
040 _aMUNICIPALIDAD PROVINCIAL DEL CUSCO
_cBIBLIOTECA MUNICIPAL DEL CUSCO
082 _a348.8 /
_bJ24
100 _aJara, Hernesto de la
_911171
245 _aDerecho de huelga en el Perú :
_bdos modelos mormativos en debate /
260 _aLima :
_bTarea,
_c1986.
300 _a263 páginas ;
_c21 cm.
505 _aContenido: Descripción y comparación de los ateproyectos y proyectos de ley de huelgas -- Conclusiones sobre la comparación de los proyectos -- Dos tendencias normativas -- Consideraciones sobre el concepto del derecho de huelga -- Modalidades de acción comprendidas en el derecho de huelga ...
650 _aDerecho
_9739
650 _aHuelgas
_911172
650 _aSociedad
_953
942 _2ddc
_cLIBROS
945 _azta